000 00469ntaaa2200181 4500
003 01
005 20251027201333.0
008 0714s1973 ag 01
040 _aAR-BaBN
_bspa
_cAR-BaBN
_eaacr
_dRIC
082 _a269.0000 T27
100 _aTerry, Maria
_911668
245 _aPescador simpático
250 _a1 ed. :
_bEditorial Moody,
_cn.f.
300 _a127 p.
500 _a"Testificando a los vecinos a favor de Cristo"
650 _aEvangelismo
_9336
942 _cBK
999 _c7820
_d7820